000 00657nam a2200205Ia 4500
008 191130s1998##################000#0#eng##
020 _a9780521633673
040 _aACL
_cACL
082 _a337.7304 GOM
100 _aGompert, David C
245 _aAmerica and Europe: A Partnership for a New Era (RAND Studies in Policy Analysis)
_cDavid C. Gompert, F. Stephen Larrabee
260 _aCambridge
_bCambridge University Press
_c1998
300 _axv, 276 p. ; 23 cm
500 _aincludes index
650 _aAmerica and Europe
700 _aLarrabee, F. Stephen
990 _a3e843146ac10000c363def3376fc1a56
991 _a158810
999 _c366964
_d366964